书目信息 |
| 题名: |
先进制造技术与管理
|
|
| 作者: | 李健 主编 | |
| 分册: | ||
| 出版信息: | 天津 天津大学出版社 2009.01 |
|
| 页数: | 270页 | |
| 开本: | 26cm | |
| 丛书名: | 工业工程系列教材 | |
| 单 册: | ||
| 中图分类: | TH166 | |
| 科图分类: | ||
| 主题词: | 计算机集成制造--ji suan ji ji cheng zhi zao--教材 | |
| 电子资源: | ||
| ISBN: | 978-7-5618-2835-9 | |
| 000 | 01016nam 2200277 450 | |
| 001 | 012009285277 | |
| 005 | 20090622113049.40 | |
| 010 | @a978-7-5618-2835-9@dCNY28.00 | |
| 100 | @a20090622d2009 km y0chi0120 ea | |
| 101 | 0 | @achi |
| 102 | @aCN@b120000 | |
| 105 | @aak a 000yy | |
| 106 | @ar | |
| 200 | 1 | @a先进制造技术与管理@Axian jin zhi zao ji shu yu guan li@d= Advanced manufacturing technology and management@f李健主编@Fli jian zhu bian@zeng |
| 210 | @a天津@c天津大学出版社@d2009.01 | |
| 215 | @a270页@c图@d26cm | |
| 225 | 2 | @a工业工程系列教材@Agong ye gong cheng xi lie jiao cai |
| 320 | @a有书目 | |
| 330 | @a本书是先进制造技术与管理,共四篇:导论、现代制造技术、先进制造模式、先进制造管理理论。 | |
| 410 | 0 | @12001 @a工业工程系列教材 |
| 510 | 1 | @aAdvanced manufacturing technology and management@zeng |
| 606 | 0 | @a计算机集成制造@Aji suan ji ji cheng zhi zao@j教材 |
| 690 | @aTH166@v4 | |
| 701 | 0 | @a李健@Ali jian@4主编 |
| 801 | 0 | @aCN@bQSSK@c20090622 |
| 905 | @b744035-37@dTH166@eL185@f3 | |
| 先进制造技术与管理= Advanced manufacturing technology and management/李健主编.-天津:天津大学出版社,2009.01 |
| 270页:图;26cm.-(工业工程系列教材) |
| ISBN 978-7-5618-2835-9:CNY28.00 |
| 本书是先进制造技术与管理,共四篇:导论、现代制造技术、先进制造模式、先进制造管理理论。 |
| ● |
| 相关链接 |
|
|
|
正题名:先进制造技术与管理
索取号:TH166/L185
 
预约/预借
| 序号 | 登录号 | 条形码 | 馆藏地/架位号 | 状态 | 备注 |
| 1 | 744035 | 207440358 | 自科库501/501自科库 38排4列2层/ [索取号:TH166/L185] | 在馆 | |
| 2 | 744036 | 207440367 | 期刊室512/501自科库 38排4列3层/ [索取号:TH166/L185] | 在馆 | |
| 3 | 744037 | 207440376 | 自科库501/501自科库 38排4列2层/ [索取号:TH166/L185] | 在馆 |